Partidos políticos y movimiento obrero en Panamá
محفوظ في:
| المؤلف الرئيسي: | |
|---|---|
| التنسيق: | نص |
| منشور في: |
Panamá :
|
| الوسوم: |
إضافة وسم
لا توجد وسوم, كن أول من يضع وسما على هذه التسجيلة!
|
MARC
| LEADER | 00000 a a2200000 04500 | ||
|---|---|---|---|
| 001 | 14614 | ||
| 003 | |||
| 040 | |a CRAI/IIS |c CRAI/IIS | ||
| 090 | |a 021500 | ||
| 100 | |a Quintero, Iván A. | ||
| 245 | |a Partidos políticos y movimiento obrero en Panamá | ||
| 260 | |a Panamá : | ||
| 300 | |a 12 p | ||
| 999 | |c 3859 |d 3859 | ||
